Conflict and growth in Africa Kenya, Tanzania and Uganda

Guardado en:
Detalles Bibliográficos
Autor principal: Klugman, Jeni
Autor Corporativo: OECD. Development Centre
Otros Autores: Neyapti, Bilin, Stewart, Frances
Formato: Libro
Lenguaje:inglés
Publicado: Paris OECD 1999
Colección:Development Centre studies
Materias:
Etiquetas: Agregar Etiqueta
Sin Etiquetas, Sea el primero en etiquetar este registro!

MARC

LEADER 00000nam a2200000 4500
001 c120027
005 20221108121327.4
020 |a 92-64-17141-X 
041 0 |a eng 
044 |a FR 
245 1 0 |a Conflict and growth in Africa  |b Kenya, Tanzania and Uganda  |c Jeni Klugman, Bilin Neyapti and Frances Stewart 
264 1 |a Paris  |b OECD  |c 1999 
300 |a 113 s. 
490 1 |a Development Centre studies 
830 0 |a Development Centre studies 
610 2 0 |a rast hospodársky 
610 2 0 |a stabilita hospodárstva 
610 2 0 |a nestabilita politická 
610 2 0 |a Afrika 
610 2 0 |a produkt domáci hrubý 
610 2 0 |a financie verejné 
610 2 0 |a OECD 
100 1 |a Klugman, Jeni 
700 1 |a Neyapti, Bilin 
700 1 |a Stewart, Frances 
710 2 |a OECD. Development Centre